00389nam a2200145Ia 450000500170000000800410001703700130005804000200007104100130009108400190010410000120012324500520013526000480018730000080023520250326125610.0250326s9999 xx 000 0 und d aTextbook aFMSLbengcFMSL aeng2eng aX:97D L6qFMSL aDayal I 0aManagement of trade unionscDayal I; Sharma B R aNew DelhibNew Delhi, Shri Ram Centrec1976 a67p